LEADER 01353nam a2200277 4500 001 000000353691 003 CaOOAMICUS 005 20230509122123.0 008 230509s1994 au 000 u mul r 020 $a3-7001-2174-1 040 $aSeMil$bita 245 00$a[2]: Indices / $c bearbeitet von Andrea Sommerlechner ; gemeinsam mit Christoph Egger und Herwig Weigl. 264 1$aWien :$bOsterreichischen Akademie der Wissenschaften,$c1994. 300 $a64 p. ;$c24 cm 500 $a In testa al front.: Osterreichischen Akademie der Wissenschaften; Historisches Institut beim osterreichischen Kulturinstitut in Rom 546 $aLatino - Tedesco 700 1 $aEgger, Christoph.$0(OLS)http://semarc/name/117545 700 1 $aWeigl, Herwig.$0(OLS)http://semarc/name/117543 700 1 $aSommerlechner, Andrea.$0(OLS)http://semarc/name/117544 773 0 $t5: Pontifikatsjahr, 1202/1203.$dWien : Osterreichischen Akademie der Wissenschaften, 1994.$w()353690 850 $aSeMil 852 $aSeMil$W1$xVenegono$y1$m5D VI 3/16$j240106$B244906$CSeMilBibl$Z2$F244906 $81 996 $6020$a3-7001-2174-1$9(OLS)http://semarc/number/298096 996 $6245$a[2]: Indices / $9(OLS)http://semarc/title/443800 996 $6264$aWien :$bOsterreichischen Akademie der Wissenschaften$9(OLS)http://semarc/publisher/60962 LEADER 01277nam a2200277 i 4500 001 000000083263 003 CaOOAMICUS 005 20220530115120.0 008 180411s1952 it u000 u ita u 013 $a55503 040 $aSeMil$bita 100 1 $aShakespeare, William,$d<1564-1616>.$0(OLS)http://semarc/name/1186 240 14$aThe life and death of King Richard 3.$0(OLS)http://semarc/title/440100 245 10$aRiccardo 3. :$btragedia in cinque atti /$cdi William Shakespeare ; traduzione di Salvatore Quasimodo. 264 1$a[Milano] :$bArnoldo Mondadori Editore,$c1952. 300 $a149 p. ;$c19 cm. 490 1 $aBiblioteca moderna Mondadori ;$v278 650 4$aShakespeare, William <1564-1616> - Opere.$0(OLS)http://semarc/subject/3624 700 1 $aQuasimodo, Salvatore,$d<1901-1968>.$0(OLS)http://semarc/name/18821 830 0$aBiblioteca moderna Mondadori ;$v278.$0(OLS)http://semarc/title/8674 850 $aSeMil 852 $aSeMil$W1$xVenegono$y1$m1V I 416$j47890$B47890$CSeMilBibl$Z2$F50862 $81 961 $aRecupero: Seminario di Seveso 996 $6245$aRiccardo 3. :$btragedia in cinque atti$9(OLS)http://semarc/title/405497 996 $6264$a[Milano] :$bArnoldo Mondadori Editore$9(OLS)http://semarc/publisher/29634